|
|
|
|
| LEADER |
00940nam a22002657a 4500 |
| 001 |
AAL4262 |
| 003 |
BD-DhAAL |
| 005 |
20160111191941.0 |
| 008 |
160111s 2002ii a|||| |||| 001 0 eng d |
| 020 |
|
|
|a 8124202699
|
| 040 |
|
|
|a BD-DhAAL
|c BD-DhAAL
|
| 082 |
|
|
|a 658.4/012
|
| 100 |
|
|
|a Allen, David
|9 17145
|
| 245 |
|
|
|a Encyclopedia of strategic management :
|b financial decisions vol. 4 /
|c David Allen
|
| 250 |
|
|
|a 1st ed.
|
| 260 |
|
|
|a New Delhi :
|b Crest Publishing House,
|c 2002.
|
| 300 |
|
|
|a 144 p. :
|b ill. ;
|c 24 cm.
|
| 500 |
|
|
|a Includes index.
|
| 541 |
|
|
|e 4262
|
| 650 |
|
|
|a Strategic planning.
|9 17146
|
| 650 |
|
|
|a Industrial management
|v Dictionaries.
|9 17147
|
| 650 |
|
|
|a International business enterprises
|v Dictionaries.
|9 17148
|
| 942 |
|
|
|2 ddc
|c BK
|
| 999 |
|
|
|c 36586
|d 36586
|
| 952 |
|
|
|0 0
|1 0
|2 ddc
|4 0
|6 658_400000000000000_012_ALL
|7 0
|9 57571
|a SCL
|b SCL
|c GEN
|d 2016-01-11
|l 0
|o 658.4012 ALL
|p 3020004262
|r 2016-01-11
|t 1
|w 2016-01-11
|y BK
|